| 000 | 01090nam a2200313 i 4500 | ||
|---|---|---|---|
| 001 | bg | ||
| 100 | 1 | _aKRUCZININ, Anatolij Michajłowicz | |
| 245 | 1 | 0 |
_aPodstawy projektowania układów dynamicznych z łukiem elektrycznym / _cAnatoli M. Kruczinin, Antoni Sawicki. |
| 260 |
_aCzęstochowa : _bWydaw. PC, _c2004. |
||
| 300 |
_a169 s. : _brys., tab., wykr. ; _c24 cm. |
||
| 490 | 1 |
_aMonografie / Politechnika Częstochowska, _x0860-5017 ; _vnr 96 |
|
| 500 | _aStreszcz. ang., ros. | ||
| 504 | _aBibliogr. s. 164-167. | ||
| 650 | 9 | _aElektrotermia | |
| 650 | 9 |
_aŁuk elektryczny _xurządzenia _xprojekty |
|
| 650 | 9 | _aPiec metalurgiczny elektryczny | |
| 650 | 9 |
_aPlazmotron _xprojekty |
|
| 650 | 9 |
_aSterowanie _xstosowanie _xelektrotechnika |
|
| 650 | 9 | _aUkłady dynamiczne | |
| 700 | 1 | _aSAWICKI, Antoni | |
| 830 | 0 |
_aMonografie (Politechnika Częstochowska) ; _vnr 96 |
|
| 020 | _a8371932286 | ||
| 040 | _cBPK | ||
| 041 | 0 |
_apol _bengrus |
|
| 080 | _a621.365:669.041:517.9:681.5:519.86 | ||
| 920 | _a83-7193-228-6 | ||
| 942 | _cKS | ||
| 008 | s pl f |000 0 pol | ||
| 999 |
_c44571 _d44571 |
||
| 856 |
_uhttp://koha.tu.koszalin.pl/cgi-bin/koha/opac-detail.pl?biblionumber=44571 _yKatalog online BPK |
||